| 000 | 00591cam a22002053a 4500 | ||
|---|---|---|---|
| 001 | 40163 | ||
| 003 | PGUSA | ||
| 005 | 20140828083909.0 | ||
| 008 | 120708s2012||||xxu|||||s|||||000 | eng d | ||
| 040 |
_aPGUSA _beng |
||
| 042 | _adc | ||
| 100 | 1 | _aVambéry, Árminius | |
| 245 | 1 | 0 |
_aÁrminius Vambéry, his life and adventures _h[electronic resource] / _cÁrminius Vambéry |
| 260 |
_bProject Gutenberg, _c2012 |
||
| 506 | _aPublic domain in the USA. | ||
| 516 | _aElectronic text | ||
| 830 | 0 |
_aProject Gutenberg _v40163 |
|
| 856 | 4 | 0 | _uhttp://www.gutenberg.org/ebooks/40163 |
| 942 | _cEB | ||
| 999 |
_c269416 _d269416 |
||